| 000 | 01195nam a2200277 i 4500 | ||
|---|---|---|---|
| 001 | 46146 | ||
| 003 | ES-MaACL | ||
| 005 | 20250828084003.0 | ||
| 007 | t| | ||
| 008 | 030328s1950 sz ||||1| fre d | ||
| 111 | 2 |
_aConférence Internationale de l'Instruction Publique _c(Genève) _9176 |
|
| 245 | 1 | 0 |
_aConférences internationales de l'instruction publique : _brecueil des recommandations, 1934-1950 |
| 260 |
_aGenève : _bB.I.E, _c[1950] |
||
| 300 |
_a94 p. ; _c24 cm. |
||
| 490 | 1 |
_aPublications du Bureau International d'Education ; _v124 |
|
| 500 | _aPrecede al tít.: Organisation des Nations Unies pour l'Education La Science et la Culture | ||
| 510 |
_aCCPB, _c001422067-9. |
||
| 650 | 4 |
_912279 _aEnseñanza |
|
| 710 | 2 | 0 |
_aOficina Internacional de Educación _96022 |
| 830 | 0 |
_aPublications du Bureau International d'Education ; _v124 _9181740 |
|
| 852 |
_aES-MaACL _jD-6510 _bR.30939 _bR.M.6101 _947869 _cSVI _fSello en tinta azul de la Biblioteca del Ateneo de Madrid. |
||
| 942 |
_2udc _cMONOGRAFIA |
||
| 999 |
_c46146 _d46146 |
||